000 01234nam a22003617a 4500
003 CHAP
005 20220329143717.0
008 110324s1984 us a r 00010 eng d
010 _a100726
011 _a101698
020 _a0828905304
035 _a112386
040 _cCHAP
082 0 4 _a581.69097
_bL57
100 1 _aLevy, Charles K
_966482
245 1 2 _aA field guide to poisonous plants and mushrooms of North America
_c/por Charles Kingsley Levy y Richard B. Primack
260 _aBrattleboro, Vermont. :
_bThe Stephen Greene,
_cc1984
300 _axii, 178 p. :
_bilus.
590 _aBATCH-UPD
_b10
_c20130110
_lUCH01
_h1328
590 _aBATCH-UPD
_b10
_c20130410
_lUCH01
_h0834
590 _aBATCH-UPD
_b10
_c20130914
_lUCH01
_h1620
590 _aCONVERSION
_b10
_c20130109
_lUCH01
_h1356
650 1 4 _aHongos venenosos.
_956138
650 1 4 _aHongos
_xExcreciones tóxicas.
_956100
650 1 4 _aHongos
_xIdentificación.
_956105
650 1 4 _aPlantas venenosas.
_989092
650 1 4 _aPlantas
_xIdentificación.
_988842
650 1 4 _aToxinas vegetales.
_9114460
700 1 _aPrimack, Richard B.
_991630
901 _aBK
942 _cLIBRO
949 _a581.69097 L57
_bBC
_cLIBRO
_d33724002237892
_eLIBRO
_h114462
_i112386
_sb
999 _c100726
_d100726